Technical Information: Propamocarb

محفوظ في:
التفاصيل البيبلوغرافية
التنسيق: كتاب
اللغة:الإنجليزية
منشور في: Berlín Schering Agrochemicals 1987
الطبعة:2a. ed
الموضوعات:
الوسوم: إضافة وسم
لا توجد وسوم, كن أول من يضع وسما على هذه التسجيلة!

MARC

LEADER 00000nam a2200000 a 4500
001 UCQ0144
003 CL-VaPUC
008 980619e19870000GW |||||||||||||||||eng|d
082 0 4 |a 632.952  |b TEC  |2 21 
245 1 0 |a Technical Information: Propamocarb 
250 |a 2a. ed 
300 |a 12 p 
942 |c BK 
945 |d 19980619 00:00:00  |a mvenant 
260 |a Berlín  |b Schering Agrochemicals  |c 1987 
650 7 |a FUNGICIDA  |2 CL-VaPUC  |9 413181 
650 0 |a Pesticidas  |9 358300 
650 7 |a INSECTICIDAS  |2 CL-VaPUC  |9 262975 
650 7 |a TOXICOLOGIA  |2 CL-VaPUC  |9 306970 
650 7 |a CONTROL DE INSECTOS  |2 CL-VaPUC  |9 269671 
583 |a last modification  |c 19980619 00:00:00  |k Rodrigo Vera 
999 |c 271290  |d 271288